000 00362nam a2200157Ia 4500
003 Ost
005 20260225132540.0
008 260225s9999||||xx |||||||||||||| ||und||
040 _cfsic
041 _afre
082 _a302.23
100 _aRoland cayrol
_eAuteur
245 0 _aMédias et démocratie,la dérive /
245 0 _cRoland cayrol
942 _cكتاب
999 _c33461
_d33461